Description of the sample and research design /
Պահպանված է:
| Հիմնական հեղինակ: | |
|---|---|
| Ձևաչափ: | Տեքստ |
| Ցուցիչներ: |
Ավելացրեք ցուցիչ
Չկան պիտակներ, Եղեք առաջինը, ով նշում է այս գրառումը!
|
MARC
| LEADER | 00000 a a2200000 04500 | ||
|---|---|---|---|
| 001 | 48714 | ||
| 003 | |||
| 040 | |||
| 100 | |a Sansonetti, Silvia | ||
| 245 | |a Description of the sample and research design / |c Silvia Sansonetti | ||
| 773 | |g volumen52, número 3, (2004), páginas 323-338 | ||
| 999 | |c 21228 |d 21228 | ||
